| 000 | 00370nam a22001457a 4500 | ||
|---|---|---|---|
| 020 | _qHB. | ||
| 040 | _cFIZZA ISHAQ | ||
| 082 |
_a625.3 _bJOH |
||
| 100 |
_aWILLIAMS, JOHN. _989473 |
||
| 245 |
_aESTIMATING FOR BUILDING AND CIVIL ENGINEERING / _cJOHN WILLIAMS. |
||
| 250 | _a9th ED. | ||
| 260 |
_aNEW YORK ; _bROUTLEDGE, _c1996. |
||
| 300 | _a313 P. ; | ||
| 942 |
_2ddc _cBK |
||
| 999 |
_c588200 _d588200 |
||